000 00656nam a2200241Ia 4500
005 20260121112523.0
008 6664 260114s9999 xx 000 0 eng d
020 _a9789812814425
037 _aEBOOK
040 _aCRL
_beng
_cCRL
041 _aeng
_2eng
084 _qCRL
100 _aLiu Gordon Et Al
_9958951
245 0 _aInvesting in Human Capital for Economic Development in China
260 _bWorld Scientific
260 _bWSPC
260 _c2010
650 _aAsian Studies
_9958952
856 _uhttps://www.worldscientific.com/worldscibooks/10.1142/6848#t=toc
942 _cEBOOK
999 _c1543964
_d1543964